Debates on evaluation / (Record no. 2083)

000 -LEADER
fixed length control field nam a22 a 4500
003 - CONTROL NUMBER IDENTIFIER
control field AKMAL
005 - DATE AND TIME OF LATEST TRANSACTION
control field 20170515111246.0
008 - FIXED-LENGTH DATA ELEMENTS--GENERAL INFORMATION
fixed length control field 170515s1990 xxu 00 eng d
020 ## - INTERNATIONAL STANDARD BOOK NUMBER
International Standard Book Number 0803935234:
Terms of availability free
020 ## - INTERNATIONAL STANDARD BOOK NUMBER
International Standard Book Number 0803935242 (pbk.)
040 ## - CATALOGING SOURCE
Original cataloging agency AKMAL
Transcribing agency AKMAL
082 04 - DEWEY DECIMAL CLASSIFICATION NUMBER
Classification number 361.61072 ALK
090 ## - LOCALLY ASSIGNED LC-TYPE CALL NUMBER (OCLC); LOCAL CALL NUMBER (RLIN)
Classification number (OCLC) (R) ; Classification number, CALL (RLIN) (NR) 361.61072
Local cutter number (OCLC) ; Book number/undivided call number, CALL (RLIN) ALK
100 1# - MAIN ENTRY--PERSONAL NAME
Personal name Alkin, Marvin C
9 (RLIN) 4292
245 10 - TITLE STATEMENT
Title Debates on evaluation /
Statement of responsibility, etc. Marvin C. Alkin ; contributions by Michael Quinn Patton and Carol H. Weiss
260 ## - PUBLICATION, DISTRIBUTION, ETC.
Place of publication, distribution, etc. Newbury Park, Calif. :
Name of publisher, distributor, etc. SAGE Publications,
Date of publication, distribution, etc. 1990
300 ## - PHYSICAL DESCRIPTION
Extent 302p. :
Other physical details ill. ;
Dimensions 22cm
504 ## - BIBLIOGRAPHY, ETC. NOTE
Bibliography, etc. note Includes bibliographical references
650 ## - SUBJECT ADDED ENTRY--TOPICAL TERM
Topical term or geographic name entry element Evaluation research (Social action programs)
9 (RLIN) 4293
700 1# - ADDED ENTRY--PERSONAL NAME
Personal name Patton, Michael Quinn
9 (RLIN) 4294
700 1# - ADDED ENTRY--PERSONAL NAME
Personal name Weiss, Carol H.
9 (RLIN) 4295
942 ## - ADDED ENTRY ELEMENTS (KOHA)
Source of classification or shelving scheme
Koha item type Book
Holdings
Withdrawn status Lost status Source of classification or shelving scheme Damaged status Not for loan Collection code Home library Current library Shelving location Date acquired Inventory number Total Checkouts Full call number Barcode Date last seen Price effective from Koha item type
          NON-FICTION AKMAL Melaka AKMAL Melaka PINJAMAN 15.05.2017 302175   361.61072 ALK 201706307 15.05.2017 15.05.2017 Book
Pusat Sumber Maklumat Dato' Haji Sarmin Md Hussin, Akademi Kastam Diraja Malaysia, Melaka
Tel: 06-2331106 | Faks: 06-2313787